000 00241nam a2200097Ia 4500
001 1046378
005 20250826232216.0
008 250824s9999 xx 000 0 und d
245 0 _aFASLI AŞK
_cKADİM DOLUNAY
260 _bÇINARALTI YAYINLARI
999 _c1046378
_d1046378